|
|
|
|
| LEADER |
00000cam a2200000 a 4500 |
| 001 |
vtls008324123 |
| 003 |
SK-MaSNL |
| 005 |
20260302074323.0 |
| 008 |
240318s1956 xo g 000 0 slo |
| 015 |
|
|
|a SNBA1956
|
| 040 |
|
|
|a SNK
|b slo
|c SNK
|e AACR2
|
| 041 |
0 |
|
|a slo
|
| 044 |
|
|
|a xo
|c SK
|
| 072 |
|
7 |
|a 613
|x Hygiena. Ľudské zdravie
|2 konspekt
|
| 080 |
|
|
|a 613.287.1
|2 2001
|
| 080 |
|
|
|a (035)
|2 2011
|
| 100 |
1 |
|
|a Nováková, Gabriela
|4 aut
|9 483042
|
| 245 |
1 |
0 |
|a Materské mlieko
|c MUDr. G. Nováková
|
| 260 |
|
|
|a Bratislava
|b Výskumný ústav zdravotníckej osvety - Obl. ústav pre Slovensko
|c 1956
|e Prešov
|f Dukelské tlačiarne
|
| 300 |
|
|
|a 10, [1] s.
|c 14 cm
|
| 490 |
0 |
|
|a Pokyny rodičom
|v zv. 7
|
| 650 |
0 |
7 |
|a materské mlieko
|2 SNKPH
|9 78889
|
| 650 |
0 |
7 |
|a dojčenie
|2 SNKPH
|9 3802
|
| 655 |
|
7 |
|a príručky
|2 SNKPH
|9 74364
|
| 655 |
|
7 |
|a zdravotnícka osveta
|2 SNKPH
|9 72803
|
| 710 |
2 |
|
|a Dukelské tlačiarne (Prešov, Slovensko)
|4 prt
|9 739821
|
| 752 |
|
|
|a Slovensko
|d Prešov
|
| 852 |
|
|
|a snk
|p SE 1271
|
| 958 |
|
|
|a OND
|
| 999 |
|
|
|c 1164583
|d 1166513
|
| 952 |
|
|
|a SNK
|b SNK
|y VYP
|7 0
|p 17A0517415
|o snkSE 1271 D1
|3 rekatalogizácia
|0 0
|1 0
|4 0
|d 1998-11-13
|l 0
|r 2005-01-02 00:00:00
|w 2026-02-24
|
| 952 |
|
|
|a SNK
|b SNK
|y PREZ
|7 0
|p 17A0636675
|o snkSE 1271
|i snkKSP 1737/56
|0 0
|1 0
|4 0
|d 2009-12-02
|f 1
|l 0
|r 2026-02-24 20:45:03
|w 2026-02-24
|